Les plus gros transferts du football - Ailiers droits - Statistiques

Statistiques générales
  • Ce quiz a été pris 165 fois
  • Le résultat moyen est 9 sur 10
Statistiques - réponses
Montant de transfert (M €) Saison Nationalité Venant de Allant à Joueur % Correct
101,00 2013-2014 Pays de Galles Tottenham Real Madrid Gareth Bale
100%
135,00 2017-2018 France Borussia Dortmund Barcelone Ousmane Dembélé
100%
75,00 2014-2015 Argentine Real Madrid Manchester United Ángel Di María
97%
63,00 2015-2016 Argentine Manchester United Paris SG Ángel Di María
97%
95,00 2022-2023 Brésil Ajax Manchester United Antony
97%
67,80 2018-2019 Algerie Leicester City Manchester City Riyad Mahrez
97%
64,00 2018-2019 États-Unis Borussia Dortmund Chelsea Christian Pulisic
93%
60,00 2000-2001 Portugal Barcelone Real Madrid Luís Figo
91%
80,00 2019-2020 Côte d'Ivoire LOSC Lille Arsenal Nicolas Pépé
91%
60,00 2023-2024 Brésil Zenit S-Pb Al-Hilal Malcom
69%
Aucun quiz correspondant
Distribution des résultats
% des personnes avec chaque résultat
Percentile par nombre de réponses
Votre historique - résultats
Vous n’avez pas pris ce quiz